000 00723nas a2200241 4500
001 BR9700170
003 BR-BrBNA
005 20231205095929.0
007 ta
008 230509b bl.|||p| |||| 00| 00por d
040 _aBR-BrBNA
_bpor
_cBiblioteca Nacional de Agricultura
041 _a(Pt)
072 _aP10; U10
100 1 _aAmorim, R.F.C. de
100 1 _aLeopoldo, P.R.
245 1 _aModelo SCS ajustado as condicoes locais da bacia do rio Paraiso
650 _aBacia Hidrografica
650 _aModelo Matematico
650 _aSao Paulo
773 0 _tEnergia na Agricultura (Brazil)
_xISSN 0102-9169
_g(1996), v. 11(1) p. 1-14
_wBR9700170
909 _a202311
_bLúcia
_c55
_dLúcia Elande
942 _2AGRIS
_n0
_cANA
999 _c153522
_d153522